| 000 | 00377nam a22001457a 4500 | ||
|---|---|---|---|
| 003 | GBCCL | ||
| 005 | 20260210141447.0 | ||
| 008 | 260210b |||||||| |||| 00| 0 eng d | ||
| 040 | _cGBC | ||
| 082 |
_aSOU BET _b2026 |
||
| 245 |
_aEBCC Bethany : _bkum 25 chinna Souvenir, 2001-2026 |
||
| 260 |
_aZoar veng, Bungmual : _bTBUC, _c2026 |
||
| 300 | _a224P. ; | ||
| 942 |
_2ddc _cARCH _n0 |
||
| 999 |
_c11144 _d11144 |
||